Indovina la nazione dal personaggio famoso parte 6 - Statistics

Statistiche generali
  • Questo quiz è stato fatto 191 volte
  • Il punteggio medio è 16 su 20
Statistiche sulle risposte
PERSONAGGIO FAMOSO NAZIONE % Corretto
Paul Gauguin Francia
99%
Ludwig Van Beethoven Germania
96%
Sabina Ciuffini Italia
95%
Antoni Gaudì Spagna
95%
Niki Lauda Austria
94%
Yuri Gagarin Russia
93%
Roald Dahl Regno Unito
92%
Andriy Shevchenko Ucraina
92%
Hercule Poirot Belgio
90%
James Joyce Irlanda
87%
Frank Wright Usa
83%
Ole Kirk Christiansen Danimarca
82%
August Strindberg Svezia
76%
Juan Manuel Fangio Argentina
73%
Peter Wessel Norvegia
69%
Rabindranath Tagore India
63%
Eva Henger Ungheria
62%
Emil Zatopek Repubblica Ceca/Cechia
56%
Anthony Quinn Messico
55%
Madalina Ghenea Romania
55%
Nessun quiz corrispondente trovato
Distribuzione punteggi
Percentuale di utenti per punteggio
Percentile per numero di risposta
I tuoi punteggi nel tempo
Non hai fatto questo quiz